Estudio nacional de la dependencia en las personas mayores
Guardat en:
| Autors principals: | , , |
|---|---|
| Autor corporatiu: | |
| Format: | Llibre |
| Idioma: | espanyol |
| Publicat: |
Santiago
SENAMA
2009
|
| Matèries: | |
| Etiquetes: |
Afegir etiqueta
Sense etiquetes, Sigues el primer a etiquetar aquest registre!
|
MARC
| LEADER | 00000nam a2200000 a 4500 | ||
|---|---|---|---|
| 001 | UCG2284 | ||
| 003 | CL-VaPUC | ||
| 008 | 100701e20090000CL |||||||||||||||||spa|d | ||
| 082 | 0 | 4 | |a 519.5 |b GON |2 21 |
| 100 | 0 | |a González M., Francisco |e author |9 550716 | |
| 700 | 0 | |a Massad T., Cristián |e author |9 550717 | |
| 700 | 0 | |a Lavanderos C., Felipe |e author |9 550718 | |
| 110 | 2 | |a SENAMA |e author |9 550719 | |
| 245 | 1 | 0 | |a Estudio nacional de la dependencia en las personas mayores |
| 300 | |a 120 p | ||
| 942 | |c BK | ||
| 945 | |d 20100701 00:00:00 |a dcastane | ||
| 260 | |a Santiago |b SENAMA |c 2009 | ||
| 650 | 0 | |a Adulto mayor |9 311317 | |
| 650 | 0 | |a Calidad de vida |9 322944 | |
| 650 | 0 | |a Análisis estadístico |9 269506 | |
| 651 | 7 | |a CHILE |2 CL-VaPUC |9 550720 | |
| 583 | |a last modification |c 20100701 00:00:00 |k Rodrigo Vera | ||
| 999 | |c 341505 |d 341503 | ||
| 952 | |0 0 |1 0 |4 0 |6 519_500000000000000_GON_2009 |7 0 |8 A |9 437072 |a BIBGIM |b BIBGIM |d 2019-11-22 |i 4693043 |o 519.5 GON 2009 |p 4693043 |r 2025-01-15 |w 2019-11-22 |y BK |k SSL | ||
| 952 | |0 0 |1 0 |4 0 |6 519_500000000000000_GON_2009 |7 0 |8 A |9 437073 |a BIBGIM |b BIBGIM |d 2019-11-22 |i 4700775 |o 519.5 GON 2009 |p 4700775 |r 2025-01-15 |w 2019-11-22 |y BK |k GIM | ||